Režisér Juraj Herz točí Den pro mou lásku rozhovor

Bibliographic Details
Main Authors: Kolář, Robert (Author, Interviewer), Herz, Juraj, 1934-2018 (Author)
Format: Article
Language:Czech
Subjects:

MARC

LEADER 00000nab a2200000 a 4500
001 vtls008961859
003 SK-MaSNL
005 20260303070711.0
008 070219 1976 xo 000 0 cze
015 |a SNBRB1977 
040 |a SNKBUCL  |b slo  |c SNKBUCL  |e AACR2 
041 0 |a cze 
044 |a xo  |c SK 
080 |a 791.43(437.1/.2)  |2 2001 
100 1 |a Kolář, Robert  |4 aut  |4 ivr  |9 653982 
245 1 0 |a Režisér Juraj Herz točí Den pro mou lásku  |b rozhovor  |c Juraj Herz ; zap. Robert Kolář 
300 |a Obr. 
600 1 7 |a Herz, Juraj,  |d 1934-2018  |2 snkbucl  |9 98598 
630 0 7 |a Den pro mou lásku (film)  |2 snkbucl  |9 1068466 
655 7 |a rozhovory  |2 snkbucl  |9 31831 
700 1 |a Herz, Juraj,  |d 1934-2018  |4 aut  |4 ive  |9 98598 
773 0 |t Záběr  |g Roč. 9, č. 25 (1976), s. 3 
958 |a CZ 
999 |c 1756571  |d 1758501